| 000 | 00406nam a2200145Ia 4500 | ||
|---|---|---|---|
| 008 | 210210b1982 xxu||||| |||| 00| 0 eng d | ||
| 082 | _a620.8 BULB | ||
| 100 | _aBULL (Alan T) and others. | ||
| 245 | _aBiotechnology international trends and perspectives. | ||
| 260 |
_aND _bOxford & IBH Publishing Co _c1982 |
||
| 300 | _a84 | ||
| 650 | _aBiotechnology | ||
| 690 | _aBiotechnology | ||
| 906 | _aSG02300 | ||
| 999 |
_c113768 _d113768 |
||